[Event "Cadets-Juniors"]
[Site "?"]
[Date "2014.03.03"]
[Round "5.5"]
[White "Brosset, Matthieu"]
[Black "Ryo, Gael"]
[Result "1/2-1/2"]
[WhiteElo "1480"]
[BlackElo "1460"]
[PlyCount "137"]
[EventDate "2014.03.01"]
[SourceDate "2014.03.01"]

1. e4 c5 2. d4 cxd4 3. Qxd4 Nc6 4. Qd1 d6 5. Nf3 Nf6 6. Nc3 g6 7. Bc4 Bg7 8. e5
Ng4 9. exd6 Qxd6 10. Qxd6 exd6 11. Ng5 O-O 12. O-O Bf5 13. Nce4 h6 14. Nxf7
Rxf7 15. Nxd6 Nge5 16. Bxf7+ Nxf7 17. Nxf5 gxf5 18. c3 Rd8 19. Be3 a6 20. Rad1
Kf8 21. Rxd8+ Nfxd8 22. Bc5+ Kf7 23. Rd1 Ke8 24. Bd4 Nxd4 25. cxd4 Kd7 26. Kf1
Kd6 27. d5 Bxb2 28. Ke2 b5 29. Kf3 Be5 30. h3 Nf7 31. g4 Ng5+ 32. Kg2 fxg4 33.
hxg4 Ne4 34. Rf1 Nc3 35. f4 Bf6 36. g5 hxg5 37. fxg5 Bxg5 38. Rf5 Be7 39. Rh5
Nxd5 40. Rh6+ Nf6 41. Kf3 Kc5 42. Ke2 Kb4 43. Kd1 Ka3 44. Rh2 Ne4 45. Rh6 Nc5
46. Rh7 Bf6 47. Rh6 Bb2 48. Rc6 Kb4 49. Kc2 Ba3 50. Kb1 a5 51. Rf6 Kc3 52. Rf3+
Nd3 53. Rh3 Bc5 54. Rg3 Bd4 55. Rg5 Nc5 56. Rg3+ Kb4 57. Rg4 Kc4 58. Rf4 b4 59.
Rf3 Nd3 60. Rg3 a4 61. Rg8 b3 62. axb3+ axb3 63. Rb8 Nb4 64. Rc8+ Bc5 65. Re8
Nd5 66. Rb8 Nc3+ 67. Kc1 Ba3+ 68. Kd2 Nb1+ 69. Kd1 1/2-1/2

[Event "Cadets-Juniors"]
[Site "?"]
[Date "2014.03.03"]
[Round "5.6"]
[White "Alexeline, Mathieu"]
[Black "Pichot, Benjamin"]
[Result "1-0"]
[WhiteElo "1230"]
[BlackElo "1399"]
[PlyCount "77"]
[EventDate "2014.03.01"]
[SourceDate "2014.03.01"]

1. e4 Nf6 2. Nc3 d5 3. f3 Nc6 4. d4 e5 5. Bb5 Bd7 6. Bg5 Bb4 7. a3 Ba5 8. exd5
Nxd4 9. Qd3 Bxc3+ 10. Qxc3 Nxb5 11. Qxe5+ Qe7 12. f4 Qxe5+ 13. fxe5 Nxd5 14.
O-O-O c6 15. c4 Nbc7 16. cxd5 cxd5 17. Nf3 O-O 18. Be7 Rfe8 19. Bd6 Ne6 20.
Rxd5 Rac8+ 21. Kd2 Nf4 22. Ra5 a6 23. g3 Ne6 24. h4 Bc6 25. Rb1 Red8 26. Ng5
Nxg5 27. hxg5 g6 28. Ke3 Bg2 29. Re1 Rc2 30. Be7 Rdd2 31. b4 Bh3 32. Kf4 Rf2+
33. Ke3 Bg4 34. Bf6 Rfe2+ 35. Rxe2 Rxe2+ 36. Kd4 Rd2+ 37. Kc3 Rh2 38. Rd5 h5
39. Rd8+ 1-0

[Event "Cadets-Juniors"]
[Site "?"]
[Date "2014.03.03"]
[Round "6.1"]
[White "Deruyter, Valentin"]
[Black "Gely, Lilas"]
[Result "1/2-1/2"]
[WhiteElo "1496"]
[BlackElo "1551"]
[PlyCount "113"]
[EventDate "2014.03.01"]
[SourceDate "2014.03.01"]

1. e4 e5 2. Nf3 Nc6 3. d4 exd4 4. Nxd4 Bc5 5. Be3 Qf6 6. c3 d6 7. Bc4 Ne5 8.
Bb3 Ne7 9. h3 O-O 10. Qd2 Qg6 11. f3 Bd7 12. Bg5 Rfe8 13. Ne2 h6 14. h4 hxg5
15. hxg5 Ng4 16. fxg4 Qxe4 17. Rf1 d5 18. Qf4 Qxf4 19. Rxf4 Ng6 20. Rf1 Bxg4
21. Bd1 Re5 22. Kd2 Be3+ 23. Kd3 Bxg5 24. Nd4 Bxd1 25. Rxd1 Nf4+ 26. Kc2 Nxg2
27. Kb3 c5 28. Nf3 Rf5 29. Nbd2 c4+ 30. Ka4 Bxd2 31. Rxd2 Ne3 32. Nd4 Rf6 33.
Re1 Ng4 34. Nb5 Ra6+ 35. Kb4 Rxa2 36. Rxd5 Rxb2+ 37. Kxc4 Rc8+ 38. Kd3 Nf2+ 39.
Kd4 Rd2+ 40. Ke5 Re8+ 41. Kf4 Nd3+ 42. Rxd3 Rxe1 43. Rxd2 a6 44. Nd6 b5 45. Ra2
Re6 46. Rxa6 Kh7 47. Rb6 Kg6 48. Nc8 Rxb6 49. Nxb6 Kf6 50. Nc8 Ke6 51. Na7 f6
52. Nxb5 g5+ 53. Kf3 f5 54. Nd4+ Kd5 55. Ne2 Kc4 56. Ng3 Kxc3 57. Nxf5 1/2-1/2

[Event "Cadets-Juniors"]
[Site "?"]
[Date "2014.03.03"]
[Round "6.2"]
[White "Deschamps, Quentin"]
[Black "Guinet, Kevin"]
[Result "0-1"]
[WhiteElo "1742"]
[BlackElo "1639"]
[PlyCount "74"]
[EventDate "2014.03.01"]
[SourceDate "2014.03.01"]

1. e4 Nf6 2. e5 Nd5 3. c4 Nb6 4. d4 d6 5. f4 dxe5 6. fxe5 c5 7. d5 e6 8. d6
Qh4+ 9. Kd2 Qd4+ 10. Kc2 Qxe5 11. Nf3 Qxd6 12. Bd3 Nc6 13. Nc3 Nb4+ 14. Kb3
Qxd3 15. Qxd3 Nxd3 16. Nb5 Nxc1+ 17. Raxc1 Rb8 18. Rcd1 f6 19. Rhf1 Bd7 20.
Nc7+ Kd8 21. Nxe6+ Kc8 22. Rfe1 Bxe6 23. Rxe6 Kc7 24. a4 Rd8 25. Rde1 Bd6 26.
Nh4 Rd7 27. Nf5 Rhd8 28. a5 Nc8 29. Ne3 Kb8 30. Nd5 Be5 31. a6 Rd6 32. Rxd6
Rxd6 33. axb7 Kxb7 34. Ra1 Nb6 35. Ne7 Rd3+ 36. Kc2 Rd4 37. b3 Rxc4+ 0-1

[Event "Cadets-Juniors"]
[Site "?"]
[Date "2014.03.03"]
[Round "6.3"]
[White "Barteau, Alexandre"]
[Black "Brosset, Matthieu"]
[Result "0-1"]
[WhiteElo "1532"]
[BlackElo "1480"]
[PlyCount "50"]
[EventDate "2014.03.01"]
[SourceDate "2014.03.01"]

1. e4 e5 2. Nf3 Nc6 3. Bc4 Nf6 4. Nc3 Bc5 5. O-O O-O 6. d3 a6 7. a3 b5 8. Ba2
Bb7 9. Bg5 Be7 10. Re1 Ng4 11. Bxe7 Qxe7 12. Nd5 Qd8 13. h3 Nf6 14. c3 Ne7 15.
Nxf6+ gxf6 16. Nh4 Ng6 17. Qg4 Kh8 18. Nf5 Bc8 19. Nh6 d6 20. Qh5 Be6 21. Nf5
Bxa2 22. Qh6 Rg8 23. Rxa2 Nf4 24. Re3 Rg6 25. Qh4 Nxg2 0-1

[Event "Cadets-Juniors"]
[Site "?"]
[Date "2014.03.03"]
[Round "6.4"]
[White "Ryo, Gael"]
[Black "Guillaume, Ombeline"]
[Result "0-1"]
[WhiteElo "1460"]
[BlackElo "1586"]
[PlyCount "96"]
[EventDate "2014.03.01"]
[SourceDate "2014.03.01"]

1. d4 d5 2. Nf3 Nf6 3. g3 e6 4. Bg2 Be7 5. O-O O-O 6. Bf4 c5 7. c3 Nc6 8. Nbd2
Qb6 9. Qc2 cxd4 10. cxd4 Bd7 11. Nb3 Nb4 12. Qd2 Ne4 13. Qd1 Rac8 14. Ne1 Nf6
15. Bd2 Ba4 16. Bxb4 Bxb4 17. Nc2 Bd6 18. Qd3 Rc4 19. Rfc1 Rfc8 20. e3 Qc7 21.
Nc5 Bxc2 22. Rxc2 Rxc2 23. Qxc2 Bxc5 24. dxc5 Qxc5 25. Qxc5 Rxc5 26. b4 Rc2 27.
a4 Ng4 28. e4 d4 29. Rd1 e5 30. Rf1 d3 31. h3 Nf6 32. Rd1 d2 33. Kf1 Kf8 34.
Ke2 Rc4 35. Rxd2 Rxb4 36. Ra2 Nxe4 37. Bxe4 Rxe4+ 38. Kf3 Rc4 39. Rb2 b6 40.
Ra2 Ke7 41. Ke3 f5 42. f3 g5 43. g4 f4+ 44. Kd3 Rd4+ 45. Kc3 Kd6 46. Rd2 Rxd2
47. Kxd2 Kc5 48. Kc3 a5 0-1

[Event "Cadets-Juniors"]
[Site "?"]
[Date "2014.03.03"]
[Round "6.5"]
[White "Lardiere, Antoine"]
[Black "Alexeline, Mathieu"]
[Result "1-0"]
[WhiteElo "1310"]
[BlackElo "1230"]
[PlyCount "27"]
[EventDate "2014.03.01"]
[SourceDate "2014.03.01"]

1. e4 Nc6 2. Nf3 e5 3. Bc4 Nf6 4. Ng5 Qe7 5. Bxf7+ Kd8 6. Bc4 d5 7. exd5 Bg4 8.
f3 Bh5 9. dxc6 bxc6 10. d3 e4 11. dxe4+ Kc8 12. Qd3 Qe5 13. Ba6+ Kb8 14. Qd8#
1-0

[Event "Cadets-Juniors"]
[Site "?"]
[Date "2014.03.03"]
[Round "6.6"]
[White "Le Gouic, Brendan"]
[Black "Pichot, Benjamin"]
[Result "1-0"]
[WhiteElo "1718"]
[BlackElo "1399"]
[PlyCount "81"]
[EventDate "2014.03.01"]
[SourceDate "2014.03.01"]

1. Nf3 d5 2. d3 Nf6 3. g3 Nc6 4. Bg2 Bf5 5. Nbd2 e5 6. O-O Qd7 7. a3 Bd6 8. c4
Bh3 9. cxd5 Nxd5 10. b4 Nc3 11. Qe1 O-O 12. Nc4 Bxg2 13. Kxg2 e4 14. Qxc3 exf3+
15. exf3 Rae8 16. f4 b6 17. Bb2 f6 18. Rac1 a5 19. Nxd6 Qxd6 20. Qxc6 Qxc6+ 21.
Rxc6 Rf7 22. Rc2 axb4 23. axb4 Ra8 24. Rfc1 Ra2 25. Bd4 Rxc2 26. Rxc2 Rd7 27.
Be3 c5 28. bxc5 bxc5 29. Rc3 h6 30. Bxc5 Kf7 31. d4 Ke6 32. Re3+ Kd5 33. Re7
Rd8 34. Rxg7 Rc8 35. Rd7+ Kc4 36. Rd6 Rf8 37. Ba3 Kd3 38. d5 h5 39. Re6 Rf7 40.
Re7 Rf8 41. Re3+ 1-0

[Event "Cadets-Juniors"]
[Site "?"]
[Date "2014.03.04"]
[Round "7.1"]
[White "Gely, Lilas"]
[Black "Brosset, Matthieu"]
[Result "1/2-1/2"]
[WhiteElo "1551"]
[BlackElo "1480"]
[PlyCount "78"]
[EventDate "2014.03.01"]
[SourceDate "2014.03.01"]

1. e4 e5 2. Nf3 Nc6 3. d4 exd4 4. Nxd4 Bc5 5. Be3 Qf6 6. c3 Nge7 7. Qd2 h6 8.
Be2 O-O 9. Nxc6 Qxc6 10. Bf3 Bxe3 11. Qxe3 Qb6 12. Qxb6 axb6 13. Nd2 d6 14. O-O
Ng6 15. Rfe1 Re8 16. a3 Ra5 17. Nb3 Rg5 18. g3 Ne5 19. Bg2 Nd3 20. Re2 Nc5 21.
Nd4 d5 22. exd5 Rxe2 23. Nxe2 Re5 24. Kf1 Bf5 25. f4 Re3 26. Nd4 Be4 27. Bxe4
Rxe4 28. Kf2 g6 29. Kf3 Re7 30. a4 Rd7 31. b4 Nd3 32. Nb5 c6 33. dxc6 bxc6 34.
Nd4 Nxb4 35. cxb4 Rxd4 36. Rb1 Kf8 37. Ke3 Rd7 38. b5 cxb5 39. axb5 h5 1/2-1/2

[Event "Cadets-Juniors"]
[Site "?"]
[Date "2014.03.04"]
[Round "7.2"]
[White "Guinet, Kevin"]
[Black "Lardiere, Antoine"]
[Result "1-0"]
[WhiteElo "1639"]
[BlackElo "1310"]
[PlyCount "47"]
[EventDate "2014.03.01"]
[SourceDate "2014.03.01"]

1. e4 e5 2. Nf3 Nc6 3. d4 exd4 4. Bc4 Nf6 5. O-O Bc5 6. e5 Ng4 7. Bxf7+ Kxf7 8.
Ng5+ Ke8 9. Qxg4 Qe7 10. Qe4 Qxe5 11. Qxe5+ Nxe5 12. Re1 d6 13. f4 h6 14. Ne4
Bb6 15. Ned2 Kf7 16. fxe5 dxe5 17. Rxe5 Re8 18. Rxe8 Kxe8 19. Nf3 Bf5 20. Nxd4
Bc5 21. Be3 Kf7 22. Nxf5 Bxe3+ 23. Nxe3 Re8 24. Kf2 1-0

[Event "Cadets-Juniors"]
[Site "?"]
[Date "2014.03.04"]
[Round "7.3"]
[White "Guillaume, Ombeline"]
[Black "Deruyter, Valentin"]
[Result "1-0"]
[WhiteElo "1586"]
[BlackElo "1496"]
[PlyCount "83"]
[EventDate "2014.03.01"]
[SourceDate "2014.03.01"]

1. d4 e6 2. c4 d5 3. Nc3 Bb4 4. a3 Bxc3+ 5. bxc3 Nc6 6. cxd5 exd5 7. Nf3 Nge7
8. Bf4 Ng6 9. Bg3 Bg4 10. e3 O-O 11. Be2 Re8 12. O-O Qe7 13. Qb3 Rab8 14. Qxd5
h5 15. h3 h4 16. Bh2 Rbd8 17. Qb5 Bc8 18. Rfd1 a6 19. Qh5 Rd7 20. Bd3 Qf6 21.
Bxg6 Qxg6 22. Qxg6 fxg6 23. Nxh4 Kh7 24. Nf3 Rde7 25. Ng5+ Kg8 26. e4 Na5 27.
d5 Nc4 28. d6 cxd6 29. Bxd6 Rd7 30. Bb4 Rc7 31. f3 a5 32. Bd6 Nxd6 33. Rxd6
Rxc3 34. Rxg6 Rc5 35. Rd1 Rc3 36. Ra1 a4 37. h4 Rb3 38. h5 Re7 39. Rc1 Bd7 40.
h6 Be8 41. Rc8 Rb1+ 42. Kh2 1-0

[Event "Cadets-Juniors"]
[Site "?"]
[Date "2014.03.04"]
[Round "7.4"]
[White "Le Gouic, Brendan"]
[Black "Barteau, Alexandre"]
[Result "1-0"]
[WhiteElo "1718"]
[BlackElo "1532"]
[PlyCount "69"]
[EventDate "2014.03.01"]
[SourceDate "2014.03.01"]

1. Nf3 d5 2. d3 Nc6 3. g3 e5 4. Bg2 Nf6 5. O-O Be7 6. Nbd2 O-O 7. c4 Be6 8. Ng5
Bf5 9. cxd5 Nd4 10. Ngf3 Nxf3+ 11. Nxf3 Bg4 12. Nxe5 Bh5 13. h3 Bd6 14. Nc4 Re8
15. g4 Bxg4 16. hxg4 Nxg4 17. Nxd6 Qxd6 18. f4 Qh6 19. Rf3 Qh2+ 20. Kf1 Qh6 21.
Rh3 Qb6 22. d4 Re7 23. e4 Qb5+ 24. Qd3 Qa5 25. Bd2 Qb6 26. Rh4 f5 27. e5 Qxb2
28. Rb1 Qxa2 29. Qxf5 g6 30. Qd3 Nxe5 31. dxe5 Rf7 32. d6 c6 33. Re1 Qe6 34.
Bh3 Qe8 35. e6 1-0

[Event "Cadets-Juniors"]
[Site "?"]
[Date "2014.03.04"]
[Round "7.5"]
[White "Alexeline, Mathieu"]
[Black "Deschamps, Quentin"]
[Result "0-1"]
[WhiteElo "1230"]
[BlackElo "1742"]
[PlyCount "58"]
[EventDate "2014.03.01"]
[SourceDate "2014.03.01"]

1. e4 c5 2. Nc3 Nc6 3. Nf3 g6 4. Bc4 Bg7 5. Ng5 e6 6. Nd5 exd5 7. exd5 Qxg5 8.
dxc6 bxc6 9. d3 Qxg2 10. Ke2 d5 11. Rg1 Bg4+ 12. Kd2 Bh6+ 13. Kc3 Bxd1 14. Rxg2
dxc4 15. Bxh6 Nxh6 16. Rxd1 cxd3 17. Re1+ Kd7 18. cxd3 Rhe8 19. Rd1 Re2 20. d4
cxd4+ 21. Rxd4+ Kc7 22. Rf4 Nf5 23. Rg5 Rb8 24. Rb4 Rxb4 25. Kxb4 Rxb2+ 26. Ka3
Rxf2 27. h3 Rf3+ 28. Kb2 Rxh3 29. a4 Rg3 0-1

[Event "Cadets-Juniors"]
[Site "?"]
[Date "2014.03.04"]
[Round "7.6"]
[White "Pichot, Benjamin"]
[Black "Ryo, Gael"]
[Result "0-1"]
[WhiteElo "1399"]
[BlackElo "1460"]
[PlyCount "82"]
[EventDate "2014.03.01"]
[SourceDate "2014.03.01"]

1. e4 c5 2. Nf3 d6 3. d4 cxd4 4. Nxd4 Nf6 5. Nc3 g6 6. Be3 Bg7 7. Qd2 Ng4 8.
Bf4 e5 9. Bg5 f6 10. Be2 exd4 11. Bxg4 dxc3 12. Qxc3 Bxg4 13. Be3 O-O 14. Bd4
Nc6 15. Be3 Rc8 16. Qb3+ Kh8 17. Qxb7 Qc7 18. Qb3 Na5 19. Qa4 Nc4 20. Bxa7 Ra8
21. b3 Rxa7 22. Qxc4 Qxc4 23. bxc4 f5 24. Rb1 Rxa2 25. exf5 Rxf5 26. Kd2 Bh6+
27. Kd3 Ra3+ 28. Rb3 Rfa5 29. Rhb1 Rxb3+ 30. cxb3 Bf5+ 31. Kc3 Bxb1 32. b4 Bg7+
33. Kb3 Rf5 34. f3 Rh5 35. b5 Bd4 36. Kb4 Bb6 37. h3 Kg7 38. Kc3 Kf6 39. Kd2
Ke5 40. Ke2 Kf4 41. Kd2 Kg3 0-1